000 00652nam a2200265Ia 4500
005 20260121170814.0
008 008 260114s9999 xx 000 0 eng d
020 _a9783319962986
037 _aEBOOK
040 _aCRL
040 _beng
040 _cCRL
041 _2eng
041 _aeng
084 _qCRL
100 _aDavid Pretel
_91068381
245 0 _aInstitutionalising Patents in Nineteenth-Century Spain
260 _bSpringer
260 _bSpringer
260 _c2018
856 _uhttps://link.springer.com/openurl?genre=book&isbn=978-3-319-96298-6
942 _cEBOOK
999 _c1634111
_d1634111